Normal view MARC view
  • Nasmith, Ted

Entry Nombre Personal

Number of records used in: 1

001 - NUMERO DE CONTROL

  • campo de control: 48784

003 - IDENTIFICADOR DE NUMERO DE CONTROL

  • campo de control: DLC

005 - FECHA Y HORA DE LA ÜLTIMA TRANSACCIÓN

  • campo de control: 20230503131446.0

008 - DATOS DE LONGITUD FIJA

  • campo de control de longitud fija: 990304n| azannaabn |n aaa c

010 ## - NÚMERO DE CONTROL DE LA BIBLIOTECA DEL CONGRESO

  • Número de control LC: no 99015715

035 ## - NUMERO DE CONTROL

  • Número de control: (OCoLC)oca04934998

040 ## - FUENTE DE CATALOGACIÓN

  • Agencia original de catalogación: NmU
  • Lenguaje de catalogación: spa
  • Description conventions: rda
  • Agencia de transcripción: NmU
  • Agencia que lo modifica: UPB
  • Agencia que lo modifica: DLC
  • Agencia que lo modifica: MX-MxUPN

100 1# - ENCABEZAMIENTO - NOMBRE PERSONAL

  • Nombre personal: Nasmith, Ted

370 ## - LUGAR ASOCIADO

  • Place of birth: Goderich, Ont.
  • Place of residence/headquarters: Bradford, Ont.

374 ## - OCUPACIÓN

  • Occupation: artista
  • Occupation: ilustrador

670 ## - FUENTE EN LA QUE SE LOCALIZARON DATOS

  • Cita de la fuente: The Silmarillion, 1998:
  • Información localizada: (Ted Nasmith) back flap (native of Goderich, Ont.; lived in France 3 yrs.; architectural renderer; renowned as illustrator of Tolkein's works; lives in Markham, Ont.)

670 ## - FUENTE EN LA QUE SE LOCALIZARON DATOS

  • Cita de la fuente: Wikipedia, WWW, May 10, 2011
  • Información localizada: (b. in Goderich, Ontario, Canada in the mid-1950s; an artist, illustrator and architectural renderer; lives in Bradford, [Ontario])

902 ## - CATALOGADOR

  • Catalogador: Víctor Ruiz/030523